|
|
|
|
| LEADER |
00000naa2a2200000 4500 |
| 001 |
303733 |
| 005 |
20231101010237.0 |
| 035 |
|
|
|a (RuTPU)RU\TPU\book\328960
|
| 035 |
|
|
|a RU\TPU\book\328959
|
| 090 |
|
|
|a 303733
|
| 100 |
|
|
|a 20150904d1966 k y0rusy50 ca
|
| 101 |
0 |
|
|a rus
|
| 102 |
|
|
|a RU
|
| 200 |
1 |
|
|a Ударный генератор как накопитель и источник энергии
|f Г. А. Сипайлов, В. В. Ивашин, К. А. Хорьков
|
| 320 |
|
|
|a Библиогр.: 7 назв.
|
| 463 |
|
1 |
|0 (RuTPU)RU\TPU\book\87986
|t Электронные ускорители
|o труды V межвузовской конференции (по электронным ускорителям) 17-21 марта 1964 г.
|v С. 224-229
|d 1966
|p 480 с.
|
| 610 |
1 |
|
|a электронные ускорители
|
| 610 |
1 |
|
|a труды учёных ТПУ
|
| 700 |
|
1 |
|a Сипайлов
|b Г. А.
|c специалист в области электромеханики
|c профессор Томского политехнического университета
|f 1920-2004
|g Геннадий Антонович
|2 stltpush
|3 (RuTPU)RU\TPU\pers\12400
|
| 701 |
|
1 |
|a Ивашин
|b В. В.
|c российский ученый, доктор технических наук
|c профессор кафедры электрических машин и аппаратов Томского политехнического института
|c профессор Тольяттинского государственного университета
|f 1934-
|g Виктор Васильевич
|2 stltpush
|3 (RuTPU)RU\TPU\pers\19792
|
| 701 |
|
1 |
|a Хорьков
|b К. А.
|c российский ученый, специалист в области электротехники
|c профессор кафедры робототехнических систем Томского политехнического университета
|f 1936-2002
|g Константин Александрович
|2 stltpush
|3 (RuTPU)RU\TPU\pers\19881
|
| 801 |
|
0 |
|a RU
|b 63413507
|c 20011210
|g PSBO
|
| 801 |
|
2 |
|a RU
|b 63413507
|c 20150908
|g PSBO
|
| 942 |
|
|
|c BK
|